Musicals by Main Character Quiz Stats

 Plays Quiz Updated Jul 7, 2019

Score 0/20 Timer 05:00
16 Plays Today
Hint Musical % Correct
The Lion King (Simba)
96.7%
Annie (Annie)
95%
Wicked (Elphaba)
94.1%
Cats (Munkustrap)
93.8%
The Phantom of the Opera (The Phantom)
92.8%
Hairspray (Tracy Turnblad)
90.5%
Hamilton (Alexander Hamilton)
86%
Chicago (Roxie Hart)
78.7%
The Sound of Music (Maria Rainer)
76.2%
The Book of Mormon (Elder Price)
74.6%
Hint Musical % Correct
Evita (Eva Perón)
73.1%
Les Misérables (Jean Valjean)
73%
Oklahoma! (Curly McLain)
70.3%
My Fair Lady (Eliza Doolittle)
69%
Avenue Q (Princeton)
63.2%
Mamma Mia! (Donna Sheridan)
62.4%
Rent (Mark Cohen)
61.2%
Cabaret (The Emcee)
52.9%
Miss Saigon (Kim)
50.2%
Dear Evan Hansen (Evan Hansen)
47%

You're not logged in!

Compare scores with friends on all Sporcle quizzes.
OR
Log In

Show Comments

Extras

Top Quizzes Today


Score Distribution

Your Account Isn't Verified!

In order to create a playlist on Sporcle, you need to verify the email address you used during registration. Go to your Sporcle Settings to finish the process.

Report this User

Report this user for behavior that violates our Community Guidelines.

Details: